书目信息 |
| 题名: |
新政治学
|
|
| 作者: | 李智生 主编 | |
| 分册: | ||
| 出版信息: | 长沙 湖南人民出版社 1987 |
|
| 页数: | 694页 | |
| 开本: | 19cm | |
| 丛书名: | 新科学系列书 | |
| 单 册: | ||
| 中图分类: | D0 | |
| 科图分类: | ||
| 主题词: | 政治理论 | |
| 电子资源: | ||
| ISBN: | 7-217-00140-4 | |
| 000 | 00647nam2 2200241 45 | |
| 001 | 0187000310 | |
| 005 | 20050324110757.0 | |
| 010 | @a7-217-00140-4@dCNY3.95 | |
| 100 | @a19900808d1987 kemy0chiy0121 ea | |
| 101 | 0 | @achi |
| 102 | @aCN@b430000 | |
| 105 | @ay z 000yy | |
| 200 | 10 | @a新政治学@Axin zheng zhi xue@f李智生主编@FLi Zhi Sheng Zhu Bian |
| 210 | @a长沙@c湖南人民出版社@d1987 | |
| 215 | @a694页@d19cm | |
| 225 | 2 | @a新科学系列书 |
| 410 | 0 | @120010@a新科学系列书 |
| 606 | @a政治理论 | |
| 690 | @aD0@v3 | |
| 701 | 0 | @a李智生@4主编 |
| 801 | 0 | @aCN@b深圳图书馆@c20040505 |
| 801 | 2 | @aCN@bNLC@c20040505 |
| 905 | @dD0@e62@f1@b252409 | |
| 新政治学/李智生主编.-长沙:湖南人民出版社,1987 |
| 694页;19cm.-(新科学系列书) |
| ISBN 7-217-00140-4:CNY3.95 |
| ● |
| 相关链接 |
|
|
|
|
正题名:新政治学
索取号:D0/62
 
预约/预借
| 序号 | 登录号 | 条形码 | 馆藏地/架位号 | 状态 | 备注 |
| 1 | 0252407 | 001021156 | 密集书库/ [索取号:D0/62] | 在馆 | |
| 2 | 0252408 | 001022262 | 密集书库/ [索取号:D0/62] | 在馆 | |
| 3 | 0252409 | 001022271 | 第一借阅区/ [索取号:D0/62] | 在馆 |